000 00652nam a2200205Ia 4500
001 9067
003 GE_BSU
008 181216s||||||||xx |||||||||||||| ||und||
040 _cGE_BSU
245 _aУспехи геронтологии Advances in gerontology, №4 Tom 26 2013.
245 _cгл. ред. В.Н. Анисимов и др.
260 _aСанкт-Петербург
260 _bЭскулап.
260 _c2013
300 _a776ст;28см
653 _aПериодика
653 _aУспехи геронтологии Advances in gerontology, №4 Tom 26 2013.
653 _aპერიოდიკა
942 _cCR
999 _c42371
_d42371